Retablos de la aldea (Record no. 173317)

MARC details
000 -LEADER
campo de control de longitud fija 00796nam a2200241 i 4500
001 - NÚMERO DE CONTROL
campo de control 173317
003 - IDENTIFICADOR DE NÚMERO DE CONTROL
campo de control ES-MaACL
005 - FECHA Y HORA DE LA ÚLTIMA TRANSACCIÓN
campo de control 20230906215218.0
008 - DATOS DE LONGITUD FIJA--INFORMACIÓN GENERAL
campo de control de longitud fija 091125s1974 pr a |||| | spa d
020 ## - NÚMERO INTERNACIONAL ESTÁNDAR DEL LIBRO
Número Internacional Estándar del Libro 84-399-2330-9
080 ## - NÚMERO DE LA CLASIFICACIÓN DECIMAL UNIVERSAL
Número de la Clasificación Decimal Universal 860.729.5)-94"19"
100 1# - ENTRADA PRINCIPAL--NOMBRE DE PERSONA
Nombre de persona Alegría, José S.
9 (RLIN) 19683
245 10 - MENCIÓN DEL TÍTULO
Título Retablos de la aldea
Resto del título : estampas de tipos puertorriqueños /
Mención de responsabilidad, etc. prólogo de Concha Meléndez ; [ilustraciones de Carlos Marichal].
250 ## - MENCION DE EDICION
Mención de edición 8ª ed.
260 ## - PUBLICACIÓN, DISTRIBUCIÓN, ETC.
Lugar de publicación, distribución, etc. San Juan de Puerto Rico :
Nombre del editor, distribuidor, etc. [s.n.],
Fecha de publicación, distribución, etc. 1974.
300 ## - DESCRIPCIÓN FÍSICA
Extensión 144 p. :
Otras características físicas il. ;
Dimensiones 22 cm.
490 1# - MENCIÓN DE SERIE
Mención de serie Estudios puertorriqueños
700 1# - ENTRADA AGREGADA--NOMBRE PERSONAL
Nombre de persona Meléndez, Concha.
9 (RLIN) 79908
700 1# - ENTRADA AGREGADA--NOMBRE PERSONAL
Nombre de persona Marichal, Carlos.
9 (RLIN) 76699
830 0# - PUNTO DE ACCESO ADICIONAL DE SERIE-TÍTULO UNIFORME
Título uniforme Estudios puertorriqueños
9 (RLIN) 223507
852 ## - LOCALIZACIÓN
Ubicación ES-MaACL
Número de control de estantería C-57018
Holdings
Estatus retirado Estado de pérdida Estado de daño No para préstamo Biblioteca de origen Biblioteca actual Ubicación en estantería Fecha de adquisición Fuente de adquisición Total de préstamos Signatura topográfica completa Código de barras Visto por última vez Precio de reemplazo Tipo de ítem Koha
        Biblioteca del Ateneo de Madrid Biblioteca del Ateneo de Madrid Depósito 2 25/11/2009     C-57018 1181889 23/02/2023 23/02/2023 Libro impreso